Dairy industries international.

Bibliographic Details
Previous Title:Dairy industries
Format: Journal
Language:English
Published: London : United Trade Press ltd.
Subjects:
Online Availability: Check for online availability

MARC

Tag First Indicator Second Indicator Subfields
LEADER 00000cas a2200000 4500
001 in00000062450
005 20151007082930.0
008 760518c19759999enkmr2p 0uuua0eng
010 |a  75649806  
012 |a 4  |b 3  |c -  |d 7  |e n  |f -  |g p  |h -  |i ---- 
022 |a 0308-8197 
030 |a DINIDD 
035 |a (OCoLC)02246759 
035 |9 AAF8611AM 
037 |b United Trade Press, Ltd., 121 King St., London W6 9JG 
037 |c 20. 
040 |a DLC  |c DLC  |d NSD  |d OCL  |d DLC  |d TXA  |d UtOrBLW 
042 |a lc  |a nsdp 
049 |a TXAE 
050 0 0 |a SF221  |b .D37 
082 0 |a 637/.05 
210 0 |a Dairy ind. int. 
222 0 |a Dairy industries international 
245 0 0 |a Dairy industries international. 
264 1 |a London :  |b United Trade Press ltd. 
300 |a  volumes :  |b illustrations ;  |c 30 cm.  |a monthly. 
336 |a text  |b txt  |2 rdacontent 
337 |a unmediated  |b n  |2 rdamedia 
338 |a volume  |b nc  |2 rdacarrier 
362 0 |a v. 40, no. 6- June 1975- 
650 0 |a Dairying  |v Periodicals. 
650 0 |a Dairying  |z Great Britain. 
780 0 0 |t Dairy industries 
999 |a MARS 
999 f f |s 61cd2938-bbef-3cdd-8b07-a6b190ad1895  |i 70be9052-0ef2-33e1-ad20-5e2a62fae3e9  |t 0 
952 f f |p ric  |a Texas A&M University  |b Rellis Campus  |c Joint Library Facility  |d Remote Storage  |t 0  |e SF221 .D37  |h Library of Congress classification  |i unmediated -- volume  |k v.67:no.9-12  |l 2002:Sept.-Dec.  |m A14830354876 
952 f f |p ric  |a Texas A&M University  |b Rellis Campus  |c Joint Library Facility  |d Remote Storage  |t 0  |e SF221 .D37  |h Library of Congress classification  |i unmediated -- volume  |k v.75:no.9-12  |l 2010:Sept.-Dec.  |m A14842324619 
952 f f |p ric  |a Texas A&M University  |b Rellis Campus  |c Joint Library Facility  |d Remote Storage  |t 0  |e SF221 .D37  |h Library of Congress classification  |i unmediated -- volume  |k v.49:no.8-12  |l 1984:Aug.-Dec.  |m A14834640499 
952 f f |p ric  |a Texas A&M University  |b Rellis Campus  |c Joint Library Facility  |d Remote Storage  |t 0  |e SF221 .D37  |h Library of Congress classification  |i unmediated -- volume  |k v.69:no.1-6  |l 2004:Jan.-June  |m A14831472960 
952 f f |p ric  |a Texas A&M University  |b Rellis Campus  |c Joint Library Facility  |d Remote Storage  |t 0  |e SF221 .D37  |h Library of Congress classification  |i unmediated -- volume  |k v.65:no.7/8-12  |l 2000:July/Aug.-Dec.  |m A14827939308 
952 f f |p ric  |a Texas A&M University  |b Rellis Campus  |c Joint Library Facility  |d Remote Storage  |t 0  |e SF221 .D37  |h Library of Congress classification  |i unmediated -- volume  |k v.72:no.7-9  |l 2007:July-Sept.  |m A14837121397 
952 f f |p ric  |a Texas A&M University  |b Rellis Campus  |c Joint Library Facility  |d Remote Storage  |t 0  |e SF221 .D37  |h Library of Congress classification  |i unmediated -- volume  |k v.67:no.2  |l 2002:Feb.  |m A14830346687 
952 f f |p ric  |a Texas A&M University  |b Rellis Campus  |c Joint Library Facility  |d Remote Storage  |t 0  |e SF221 .D37  |h Library of Congress classification  |i unmediated -- volume  |k v.79:no.1-4  |l 2014:Jan.-April  |m A14843168072 
952 f f |p ric  |a Texas A&M University  |b Rellis Campus  |c Joint Library Facility  |d Remote Storage  |t 0  |e SF221 .D37  |h Library of Congress classification  |i unmediated -- volume  |k International Handbook  |l 2001  |m A14830343207 
952 f f |p ric  |a Texas A&M University  |b Rellis Campus  |c Joint Library Facility  |d Remote Storage  |t 0  |e SF221 .D37  |h Library of Congress classification  |i unmediated -- volume  |k v.78:no.5-8  |l 2013:May-Aug.  |m A14842324536 
952 f f |p ric  |a Texas A&M University  |b Rellis Campus  |c Joint Library Facility  |d Remote Storage  |t 0  |e SF221 .D37  |h Library of Congress classification  |i unmediated -- volume  |k v.62:no.1 -v.62:no.6  |l 1997-1997  |m A14824008247 
952 f f |p ric  |a Texas A&M University  |b Rellis Campus  |c Joint Library Facility  |d Remote Storage  |t 0  |e SF221 .D37  |h Library of Congress classification  |i unmediated -- volume  |k v.61:no.7 -v.61:no.12  |l 1996-1996:Dec  |m A14821025054 
952 f f |p ric  |a Texas A&M University  |b Rellis Campus  |c Joint Library Facility  |d Remote Storage  |t 0  |e SF221 .D37  |h Library of Congress classification  |i unmediated -- volume  |k v.73:no.9-12  |l 2008:Sept.-Dec.  |m A14834781944 
952 f f |p ric  |a Texas A&M University  |b Rellis Campus  |c Joint Library Facility  |d Remote Storage  |t 0  |e SF221 .D37  |h Library of Congress classification  |i unmediated -- volume  |k v.80:no.1-4  |l 2015:Jan.-April  |m A14843168049 
952 f f |p ric  |a Texas A&M University  |b Rellis Campus  |c Joint Library Facility  |d Remote Storage  |t 0  |e SF221 .D37  |h Library of Congress classification  |i unmediated -- volume  |k v.53:no.1 -v.53:no.6  |l 1988-1988  |m A14811818374 
952 f f |p ric  |a Texas A&M University  |b Rellis Campus  |c Joint Library Facility  |d Remote Storage  |t 0  |e SF221 .D37  |h Library of Congress classification  |i unmediated -- volume  |k v.74:no.9-12  |l 2009:Sept.-Dec.  |m A14839115431 
952 f f |p ric  |a Texas A&M University  |b Rellis Campus  |c Joint Library Facility  |d Remote Storage  |t 0  |e SF221 .D37  |h Library of Congress classification  |i unmediated -- volume  |k v.56:no.2 -v.56:no.6  |l 1991-1991  |m A14816067253 
952 f f |p ric  |a Texas A&M University  |b Rellis Campus  |c Joint Library Facility  |d Remote Storage  |t 0  |e SF221 .D37  |h Library of Congress classification  |i unmediated -- volume  |k v.79:no.5-8  |l 2014:May-Aug.  |m A14843168064 
952 f f |p ric  |a Texas A&M University  |b Rellis Campus  |c Joint Library Facility  |d Remote Storage  |t 0  |e SF221 .D37  |h Library of Congress classification  |i unmediated -- volume  |k v.54:no.7 -v.54:no.12  |l 1989-1989  |m A14812101550 
952 f f |p ric  |a Texas A&M University  |b Rellis Campus  |c Joint Library Facility  |d Remote Storage  |t 0  |e SF221 .D37  |h Library of Congress classification  |i unmediated -- volume  |k v.50  |l 1985  |m A14841145159 
952 f f |p ric  |a Texas A&M University  |b Rellis Campus  |c Joint Library Facility  |d Remote Storage  |t 0  |e SF221 .D37  |h Library of Congress classification  |i unmediated -- volume  |l 1996:Oct.:Suppl.  |m A14820940683 
952 f f |p ric  |a Texas A&M University  |b Rellis Campus  |c Joint Library Facility  |d Remote Storage  |t 0  |e SF221 .D37  |h Library of Congress classification  |i unmediated -- volume  |k v.77:no.1-4  |l 2012:Jan.-April  |m A14842324577 
952 f f |p ric  |a Texas A&M University  |b Rellis Campus  |c Joint Library Facility  |d Remote Storage  |t 0  |e SF221 .D37  |h Library of Congress classification  |i unmediated -- volume  |k v.84:no.5-8  |l 2019:May-Aug.  |m A14850936247 
952 f f |p ric  |a Texas A&M University  |b Rellis Campus  |c Joint Library Facility  |d Remote Storage  |t 0  |e SF221 .D37  |h Library of Congress classification  |i unmediated -- volume  |k v.51:no.2-5  |l 1986:Feb.-May  |m A14834640423 
952 f f |p ric  |a Texas A&M University  |b Rellis Campus  |c Joint Library Facility  |d Remote Storage  |t 0  |e SF221 .D37  |h Library of Congress classification  |i unmediated -- volume  |k v.52:no.7 -v.52:no.12  |l 1987-1987  |m A14811385208 
952 f f |p ric  |a Texas A&M University  |b Rellis Campus  |c Joint Library Facility  |d Remote Storage  |t 0  |e SF221 .D37  |h Library of Congress classification  |i unmediated -- volume  |k v.61:no.1 -v.61:no.6  |l 1996-1996  |m A14820457648 
952 f f |p ric  |a Texas A&M University  |b Rellis Campus  |c Joint Library Facility  |d Remote Storage  |t 0  |e SF221 .D37  |h Library of Congress classification  |i unmediated -- volume  |k v.57:no.1 -v.57:no.6  |l 1992-1992  |m A14816999840 
952 f f |p ric  |a Texas A&M University  |b Rellis Campus  |c Joint Library Facility  |d Remote Storage  |t 0  |e SF221 .D37  |h Library of Congress classification  |i unmediated -- volume  |k v.59:no.7 -v.59:no.12  |l 1994-1994  |m A14819182549 
952 f f |p ric  |a Texas A&M University  |b Rellis Campus  |c Joint Library Facility  |d Remote Storage  |t 0  |e SF221 .D37  |h Library of Congress classification  |i unmediated -- volume  |k v.66:no.7-12  |l 2001:July-Dec.  |m A14830343168 
952 f f |p ric  |a Texas A&M University  |b Rellis Campus  |c Joint Library Facility  |d Remote Storage  |t 0  |e SF221 .D37  |h Library of Congress classification  |i unmediated -- volume  |k v.42  |l 1977  |m A14841145044 
952 f f |p ric  |a Texas A&M University  |b Rellis Campus  |c Joint Library Facility  |d Remote Storage  |t 0  |e SF221 .D37  |h Library of Congress classification  |i unmediated -- volume  |k v.55:no.1 -v.55:no.6  |l 1990-1990  |m A14814658634 
952 f f |p ric  |a Texas A&M University  |b Rellis Campus  |c Joint Library Facility  |d Remote Storage  |t 0  |e SF221 .D37  |h Library of Congress classification  |i unmediated -- volume  |l 1995:Sept.:Suppl.  |m A14820111802 
952 f f |p ric  |a Texas A&M University  |b Rellis Campus  |c Joint Library Facility  |d Remote Storage  |t 0  |e SF221 .D37  |h Library of Congress classification  |i unmediated -- volume  |k v.49:no.1-4,6  |l 1984:Jan.-Apr., June  |m A14834640538 
952 f f |p ric  |a Texas A&M University  |b Rellis Campus  |c Joint Library Facility  |d Remote Storage  |t 0  |e SF221 .D37  |h Library of Congress classification  |i unmediated -- volume  |k v.76:no.9-12  |l 2011:Sept.-Dec.  |m A14842324585 
952 f f |p ric  |a Texas A&M University  |b Rellis Campus  |c Joint Library Facility  |d Remote Storage  |t 0  |e SF221 .D37  |h Library of Congress classification  |i unmediated -- volume  |k v.76:no.1-5  |l 2011:Jan.-May  |m A14842324601 
952 f f |p ric  |a Texas A&M University  |b Rellis Campus  |c Joint Library Facility  |d Remote Storage  |t 0  |e SF221 .D37  |h Library of Congress classification  |i unmediated -- volume  |k v.48:no.1, 9-12  |l 1983:Jan., Sept.-Dec.  |m A14834640342 
952 f f |p ric  |a Texas A&M University  |b Rellis Campus  |c Joint Library Facility  |d Remote Storage  |t 0  |e SF221 .D37  |h Library of Congress classification  |i unmediated -- volume  |k v.53:no.7 -v.53:no.12  |l 1988-1988  |m A14811827501 
952 f f |p ric  |a Texas A&M University  |b Rellis Campus  |c Joint Library Facility  |d Remote Storage  |t 0  |e SF221 .D37  |h Library of Congress classification  |i unmediated -- volume  |k v.71:no.1-6  |l 2006:Jan.-June  |m A14834645813 
952 f f |p ric  |a Texas A&M University  |b Rellis Campus  |c Joint Library Facility  |d Remote Storage  |t 0  |e SF221 .D37  |h Library of Congress classification  |i unmediated -- volume  |k v.69:no.7-12  |l 2004:July-Dec.  |m A14833671934 
952 f f |p ric  |a Texas A&M University  |b Rellis Campus  |c Joint Library Facility  |d Remote Storage  |t 0  |e SF221 .D37  |h Library of Congress classification  |i unmediated -- volume  |k v.81:no.5-8  |l 2016:May-Aug.  |m A14850361057 
952 f f |p ric  |a Texas A&M University  |b Rellis Campus  |c Joint Library Facility  |d Remote Storage  |t 0  |e SF221 .D37  |h Library of Congress classification  |i unmediated -- volume  |k v.62:no.7 -v.62:no.12  |l 1997-1997  |m A14824008491 
952 f f |p ric  |a Texas A&M University  |b Rellis Campus  |c Joint Library Facility  |d Remote Storage  |t 0  |e SF221 .D37  |h Library of Congress classification  |i unmediated -- volume  |k v.76:no.7-8  |l 2011:July-Aug.  |m A14842324593 
952 f f |p ric  |a Texas A&M University  |b Rellis Campus  |c Joint Library Facility  |d Remote Storage  |t 0  |e SF221 .D37  |h Library of Congress classification  |i unmediated -- volume  |k v.56:no.7 -v.56:no.12  |l 1991-1991  |m A14815684484 
952 f f |p ric  |a Texas A&M University  |b Rellis Campus  |c Joint Library Facility  |d Remote Storage  |t 0  |e SF221 .D37  |h Library of Congress classification  |i unmediated -- volume  |k v.83:no.1-4  |l 2018:Jan.-Apr.  |m A14850391054 
952 f f |p ric  |a Texas A&M University  |b Rellis Campus  |c Joint Library Facility  |d Remote Storage  |t 0  |e SF221 .D37  |h Library of Congress classification  |i unmediated -- volume  |k v.73:no.1-4  |l 2008:Jan.-Apr.  |m A14834753331 
952 f f |p ric  |a Texas A&M University  |b Rellis Campus  |c Joint Library Facility  |d Remote Storage  |t 0  |e SF221 .D37  |h Library of Congress classification  |i unmediated -- volume  |k v.47:no.7-12  |l 1982:July-Dec.  |m A14834640376 
952 f f |p ric  |a Texas A&M University  |b Rellis Campus  |c Joint Library Facility  |d Remote Storage  |t 0  |e SF221 .D37  |h Library of Congress classification  |i unmediated -- volume  |k v.81:no.1-4  |l 2016:Jan.-Apr.  |m A14843539256 
952 f f |p ric  |a Texas A&M University  |b Rellis Campus  |c Joint Library Facility  |d Remote Storage  |t 0  |e SF221 .D37  |h Library of Congress classification  |i unmediated -- volume  |k v.63:no.7-12  |l 1998:July-Dec.  |m A14825954475 
952 f f |p ric  |a Texas A&M University  |b Rellis Campus  |c Joint Library Facility  |d Remote Storage  |t 0  |e SF221 .D37  |h Library of Congress classification  |i unmediated -- volume  |k v.84:no.1-4  |l 2019:Jan.-Apr.  |m A14850924995 
952 f f |p ric  |a Texas A&M University  |b Rellis Campus  |c Joint Library Facility  |d Remote Storage  |t 0  |e SF221 .D37  |h Library of Congress classification  |i unmediated -- volume  |k v.52:no.1 -v.52:no.6  |l 1987-1987  |m A14811385151 
952 f f |p ric  |a Texas A&M University  |b Rellis Campus  |c Joint Library Facility  |d Remote Storage  |t 0  |e SF221 .D37  |h Library of Congress classification  |i unmediated -- volume  |k v.79:no.9-12  |l 2014:Sept.-Dec.  |m A14843168056 
952 f f |p ric  |a Texas A&M University  |b Rellis Campus  |c Joint Library Facility  |d Remote Storage  |t 0  |e SF221 .D37  |h Library of Congress classification  |i unmediated -- volume  |k v.80:no.9-12  |l 2015:Sept.-Dec.  |m A14843539264 
952 f f |p ric  |a Texas A&M University  |b Rellis Campus  |c Joint Library Facility  |d Remote Storage  |t 0  |e SF221 .D37  |h Library of Congress classification  |i unmediated -- volume  |k v.72:no.1-6  |l 2007:Jan.-June  |m A14836398810 
952 f f |p ric  |a Texas A&M University  |b Rellis Campus  |c Joint Library Facility  |d Remote Storage  |t 0  |e SF221 .D37  |h Library of Congress classification  |i unmediated -- volume  |k v.67:no.4-7  |l 2002:Apr.-July  |m A14830346831 
952 f f |p ric  |a Texas A&M University  |b Rellis Campus  |c Joint Library Facility  |d Remote Storage  |t 0  |e SF221 .D37  |h Library of Congress classification  |i unmediated -- volume  |k v.74:no.5-8  |l 2009:May-Aug.  |m A14839115546 
952 f f |p ric  |a Texas A&M University  |b Rellis Campus  |c Joint Library Facility  |d Remote Storage  |t 0  |e SF221 .D37  |h Library of Congress classification  |i unmediated -- volume  |k v.73:no.5-8  |l 2008:May-Aug.  |m A14834778072 
952 f f |p ric  |a Texas A&M University  |b Rellis Campus  |c Joint Library Facility  |d Remote Storage  |t 0  |e SF221 .D37  |h Library of Congress classification  |i unmediated -- volume  |k v.63:no.1 -v.63:no.6  |l 1998-1998  |m A14824008441 
952 f f |p ric  |a Texas A&M University  |b Rellis Campus  |c Joint Library Facility  |d Remote Storage  |t 0  |e SF221 .D37  |h Library of Congress classification  |i unmediated -- volume  |k v.77:no.5-8  |l 2012:May-Aug.  |m A14842324569 
952 f f |p ric  |a Texas A&M University  |b Rellis Campus  |c Joint Library Facility  |d Remote Storage  |t 0  |e SF221 .D37  |h Library of Congress classification  |i unmediated -- volume  |k v.83:no.5-8  |l 2018:May-Aug.  |m A14850391062 
952 f f |p ric  |a Texas A&M University  |b Rellis Campus  |c Joint Library Facility  |d Remote Storage  |t 0  |e SF221 .D37  |h Library of Congress classification  |i unmediated -- volume  |k v.43:no.3-7  |l 1978:Mar.-July  |m A14834640457 
952 f f |p ric  |a Texas A&M University  |b Rellis Campus  |c Joint Library Facility  |d Remote Storage  |t 0  |e SF221 .D37  |h Library of Congress classification  |i unmediated -- volume  |k v.55:no.7 -v.55:no.12  |l 1990-1990  |m A14814658684 
952 f f |p ric  |a Texas A&M University  |b Rellis Campus  |c Joint Library Facility  |d Remote Storage  |t 0  |e SF221 .D37  |h Library of Congress classification  |i unmediated -- volume  |k v.68:no.7-12  |l 2003:July-Dec.  |m A14832164421 
952 f f |p ric  |a Texas A&M University  |b Rellis Campus  |c Joint Library Facility  |d Remote Storage  |t 0  |e SF221 .D37  |h Library of Congress classification  |i unmediated -- volume  |k v.85:no.1-6  |l 2020: Jan.-June  |m A14852163816 
952 f f |p ric  |a Texas A&M University  |b Rellis Campus  |c Joint Library Facility  |d Remote Storage  |t 0  |e SF221 .D37  |h Library of Congress classification  |i unmediated -- volume  |k v.81:no.9-12  |l 2016:Sept.-Dec.  |m A14850361040 
952 f f |p ric  |a Texas A&M University  |b Rellis Campus  |c Joint Library Facility  |d Remote Storage  |t 0  |e SF221 .D37  |h Library of Congress classification  |i unmediated -- volume  |k v.64:no.7-11  |l 1999:July-Nov.  |m A14827296190 
952 f f |p ric  |a Texas A&M University  |b Rellis Campus  |c Joint Library Facility  |d Remote Storage  |t 0  |e SF221 .D37  |h Library of Congress classification  |i unmediated -- volume  |k v.77:no.9-12  |l 2012:Sept.-Dec.  |m A14842324551 
952 f f |p ric  |a Texas A&M University  |b Rellis Campus  |c Joint Library Facility  |d Remote Storage  |t 0  |e SF221 .D37  |h Library of Congress classification  |i unmediated -- volume  |k v.82:no.5-8  |l 2017:May-Aug.  |m A14850361024 
952 f f |p ric  |a Texas A&M University  |b Rellis Campus  |c Joint Library Facility  |d Remote Storage  |t 0  |e SF221 .D37  |h Library of Congress classification  |i unmediated -- volume  |k v.57:no.7 -v.57:no.12  |l 1992-1992  |m A14816999890 
952 f f |p ric  |a Texas A&M University  |b Rellis Campus  |c Joint Library Facility  |d Remote Storage  |t 0  |e SF221 .D37  |h Library of Congress classification  |i unmediated -- volume  |k v.47:no.2-6  |l 1982:Feb.-June  |m A14834640350 
952 f f |p ric  |a Texas A&M University  |b Rellis Campus  |c Joint Library Facility  |d Remote Storage  |t 0  |e SF221 .D37  |h Library of Congress classification  |i unmediated -- volume  |k v.78:no.1-4  |l 2013:Jan.-April  |m A14842324544 
952 f f |p ric  |a Texas A&M University  |b Rellis Campus  |c Joint Library Facility  |d Remote Storage  |t 0  |e SF221 .D37  |h Library of Congress classification  |i unmediated -- volume  |k v.59:no.1 -v.59:no.6  |l 1994-1994  |m A14819182492 
952 f f |p ric  |a Texas A&M University  |b Rellis Campus  |c Joint Library Facility  |d Remote Storage  |t 0  |e SF221 .D37  |h Library of Congress classification  |i unmediated -- volume  |k v.58:no.1-2,4-6  |l 1993:Jan.-Feb.,Apr.-June  |m A14817873487 
952 f f |p ric  |a Texas A&M University  |b Rellis Campus  |c Joint Library Facility  |d Remote Storage  |t 0  |e SF221 .D37  |h Library of Congress classification  |i unmediated -- volume  |k v.78:no.9-12  |l 2013:Sept-Dec.  |m A14842324528 
952 f f |p ric  |a Texas A&M University  |b Rellis Campus  |c Joint Library Facility  |d Remote Storage  |t 0  |e SF221 .D37  |h Library of Congress classification  |i unmediated -- volume  |k v.45  |l 1980  |m A14841145109 
952 f f |p ric  |a Texas A&M University  |b Rellis Campus  |c Joint Library Facility  |d Remote Storage  |t 0  |e SF221 .D37  |h Library of Congress classification  |i unmediated -- volume  |k v.75:no.1-2  |l 2010:Jan.-Feb.  |m A14842324635 
952 f f |p ric  |a Texas A&M University  |b Rellis Campus  |c Joint Library Facility  |d Remote Storage  |t 0  |e SF221 .D37  |h Library of Congress classification  |i unmediated -- volume  |k v.43:no.8-12  |l 1978:Aug.-Dec.  |m A14834640415 
952 f f |p ric  |a Texas A&M University  |b Rellis Campus  |c Joint Library Facility  |d Remote Storage  |t 0  |e SF221 .D37  |h Library of Congress classification  |i unmediated -- volume  |k v.83:no.9-12  |l 2018:Sept.-Dec.  |m A14850911836 
952 f f |p ric  |a Texas A&M University  |b Rellis Campus  |c Joint Library Facility  |d Remote Storage  |t 0  |e SF221 .D37  |h Library of Congress classification  |i unmediated -- volume  |k v.46  |l 1981  |m A14841145094 
952 f f |p ric  |a Texas A&M University  |b Rellis Campus  |c Joint Library Facility  |d Remote Storage  |t 0  |e SF221 .D37  |h Library of Congress classification  |i unmediated -- volume  |k v.74:no.1-4  |l 2009:Jan.-Apr.  |m A14838812802 
952 f f |p ric  |a Texas A&M University  |b Rellis Campus  |c Joint Library Facility  |d Remote Storage  |t 0  |e SF221 .D37  |h Library of Congress classification  |i unmediated -- volume  |k v.68:no.1-6  |l 2003:Jan.-June  |m A14830972640 
952 f f |p ric  |a Texas A&M University  |b Rellis Campus  |c Joint Library Facility  |d Remote Storage  |t 0  |e SF221 .D37  |h Library of Congress classification  |i unmediated -- volume  |k v.82:no.1-4  |l 2017:Jan.-Apr.  |m A14850361032 
952 f f |p ric  |a Texas A&M University  |b Rellis Campus  |c Joint Library Facility  |d Remote Storage  |t 0  |e SF221 .D37  |h Library of Congress classification  |i unmediated -- volume  |k v.80:no.5-8  |l 2015:May-Aug.  |m A14843539272 
952 f f |p ric  |a Texas A&M University  |b Rellis Campus  |c Joint Library Facility  |d Remote Storage  |t 0  |e SF221 .D37  |h Library of Congress classification  |i unmediated -- volume  |k v.85:no.7-12  |l 2020:June-Dec.  |m A14852163956 
952 f f |p ric  |a Texas A&M University  |b Rellis Campus  |c Joint Library Facility  |d Remote Storage  |t 0  |e SF221 .D37  |h Library of Congress classification  |i unmediated -- volume  |k v.72:no.10-12  |l 2007:Oct.-Dec.  |m A14837121355 
952 f f |p ric  |a Texas A&M University  |b Rellis Campus  |c Joint Library Facility  |d Remote Storage  |t 0  |e SF221 .D37  |h Library of Congress classification  |i unmediated -- volume  |k v.41  |l 1976  |m A14841145036 
952 f f |p ric  |a Texas A&M University  |b Rellis Campus  |c Joint Library Facility  |d Remote Storage  |t 0  |e SF221 .D37  |h Library of Congress classification  |i unmediated -- volume  |k v.44  |l 1979  |m A14841145117 
952 f f |p ric  |a Texas A&M University  |b Rellis Campus  |c Joint Library Facility  |d Remote Storage  |t 0  |e SF221 .D37  |h Library of Congress classification  |i unmediated -- volume  |k v.54:no.1 -v.54:no.6  |l 1989-1989  |m A14812101607 
952 f f |p ric  |a Texas A&M University  |b Rellis Campus  |c Joint Library Facility  |d Remote Storage  |t 0  |e SF221 .D37  |h Library of Congress classification  |i unmediated -- volume  |k v.70:no.1-6  |l 2005:Jan.-June  |m A14832869982 
952 f f |p ric  |a Texas A&M University  |b Rellis Campus  |c Joint Library Facility  |d Remote Storage  |t 0  |e SF221 .D37  |h Library of Congress classification  |i unmediated -- volume  |k v.84:no.9-12  |l 2019:Sept.-Dec.  |m A14850936254 
952 f f |p ric  |a Texas A&M University  |b Rellis Campus  |c Joint Library Facility  |d Remote Storage  |t 0  |e SF221 .D37  |h Library of Congress classification  |i unmediated -- volume  |k v.64:no.1-6  |l 1999:Jan.-June  |m A14825962177 
952 f f |p ric  |a Texas A&M University  |b Rellis Campus  |c Joint Library Facility  |d Remote Storage  |t 0  |e SF221 .D37  |h Library of Congress classification  |i unmediated -- volume  |k v.82:no.9-12  |l 2017:Sept.-Dec.  |m A14850361016 
952 f f |p ric  |a Texas A&M University  |b Rellis Campus  |c Joint Library Facility  |d Remote Storage  |t 0  |e SF221 .D37  |h Library of Congress classification  |i unmediated -- volume  |k v.60:no.1 -v.60:no.6  |l 1995-1995  |m A14819558203 
952 f f |p ric  |a Texas A&M University  |b Rellis Campus  |c Joint Library Facility  |d Remote Storage  |t 0  |e SF221 .D37  |h Library of Congress classification  |i unmediated -- volume  |k v.70:no.7-12  |l 2005:July-Dec.  |m A14833469117 
952 f f |p ric  |a Texas A&M University  |b Rellis Campus  |c Joint Library Facility  |d Remote Storage  |t 0  |e SF221 .D37  |h Library of Congress classification  |i unmediated -- volume  |k International Handbook  |l 2002  |m A14830354834 
952 f f |p ric  |a Texas A&M University  |b Rellis Campus  |c Joint Library Facility  |d Remote Storage  |t 0  |e SF221 .D37  |h Library of Congress classification  |i unmediated -- volume  |k v.75:no.5-8  |l 2010:May-Aug.  |m A14842324627 
952 f f |p ric  |a Texas A&M University  |b Rellis Campus  |c Joint Library Facility  |d Remote Storage  |t 0  |e SF221 .D37  |h Library of Congress classification  |i unmediated -- volume  |k v.66:no.1-6  |l 2001:Jan.-June  |m A14827939358 
952 f f |p ric  |a Texas A&M University  |b Rellis Campus  |c Joint Library Facility  |d Remote Storage  |t 0  |e SF221 .D37  |h Library of Congress classification  |i unmediated -- volume  |k v.40  |l 1975  |m A14837337011 
952 f f |p ric  |a Texas A&M University  |b Rellis Campus  |c Joint Library Facility  |d Remote Storage  |t 0  |e SF221 .D37  |h Library of Congress classification  |i unmediated -- volume  |k v.58:no.7 -v.58:no.12  |l 1993-1993  |m A14817867177 
952 f f |p ric  |a Texas A&M University  |b Rellis Campus  |c Joint Library Facility  |d Remote Storage  |t 0  |e SF221 .D37  |h Library of Congress classification  |i unmediated -- volume  |k v.51:no.7-12  |l 1986  |m A14834640384 
952 f f |p ric  |a Texas A&M University  |b Rellis Campus  |c Joint Library Facility  |d Remote Storage  |t 0  |e SF221 .D37  |h Library of Congress classification  |i unmediated -- volume  |k v.60:no.7 -v.60:no.12  |l 1995-1995  |m A14819994768 
952 f f |p ric  |a Texas A&M University  |b Rellis Campus  |c Joint Library Facility  |d Remote Storage  |t 0  |e SF221 .D37  |h Library of Congress classification  |i unmediated -- volume  |k v.65:no.1-5  |l 2000:Jan.-May  |m A14827939316 
952 f f |p ric  |a Texas A&M University  |b Rellis Campus  |c Joint Library Facility  |d Remote Storage  |t 0  |e SF221 .D37  |h Library of Congress classification  |i unmediated -- volume  |k v.71:no.7-12  |l 2006:July-Dec.  |m A14835861064 
998 f f |a SF221 .D37  |s v.77-85 (2012-2020)  |t 0  |l Remote Storage